000
00339 a2200133 4500
000
nam a22 7a 4500
100
_a
Moss, S
110
_a
Moss, S
245
_a
Entertainment Management: Towards Best Practice
250
_a
Latest edition
260
_b
CAB International
_c
2014
264
_b
CAB International
_c
2014
942
_c
BK
999
_c
395703
_d
395703